Серверное приложение для сбора, хранения и обработки гидрометеорологических данных; Информационные технологии в науке, управлении, социальной сфере и медицине; Ч. 1
| Parent link: | Информационные технологии в науке, управлении, социальной сфере и медицине: сборник научных трудов III Международной научной конференции, 23-26 мая 2016 г., Томск.— , 2016 Ч. 1.— 2016.— [С. 721-723] |
|---|---|
| Hlavní autor: | |
| Korporativní autor: | |
| Další autoři: | |
| Shrnutí: | Заглавие с титульного экрана The paper describes the server application for gathering, storage and processing meteorological observations data. The system is based on the structure and content meteorological observations data from land and sea stations in the code KN-01 (international form FM 12-VII SYNOP and FM 13-VII SHIP). |
| Jazyk: | ruština |
| Vydáno: |
2016
|
| Edice: | Информационные технологии в телекоммуникационных и облачных вычислениях |
| Témata: | |
| On-line přístup: | http://earchive.tpu.ru/handle/11683/31397 |
| Médium: | Elektronický zdroj Kapitola |
| KOHA link: | https://koha.lib.tpu.ru/cgi-bin/koha/opac-detail.pl?biblionumber=619579 |
MARC
| LEADER | 00000naa2a2200000 4500 | ||
|---|---|---|---|
| 001 | 619579 | ||
| 005 | 20240212143055.0 | ||
| 035 | |a (RuTPU)RU\TPU\conf\18015 | ||
| 035 | |a RU\TPU\conf\18014 | ||
| 090 | |a 619579 | ||
| 100 | |a 20160824d2016 k y0rusy50 ca | ||
| 101 | 0 | |a rus | |
| 102 | |a RU | ||
| 105 | |a y z 101zy | ||
| 135 | |a drgn ---uucaa | ||
| 181 | 0 | |a i | |
| 182 | 0 | |a b | |
| 200 | 1 | |a Серверное приложение для сбора, хранения и обработки гидрометеорологических данных |d Server application for gathering, storing and processing of meteorological data |f А. С. Колочев, В. Н. Попов | |
| 203 | |a Текст |c электронный | ||
| 225 | 1 | |a Информационные технологии в телекоммуникационных и облачных вычислениях | |
| 300 | |a Заглавие с титульного экрана | ||
| 320 | |a [Библиогр.: с. 723 (3 назв.)] | ||
| 330 | |a The paper describes the server application for gathering, storage and processing meteorological observations data. The system is based on the structure and content meteorological observations data from land and sea stations in the code KN-01 (international form FM 12-VII SYNOP and FM 13-VII SHIP). | ||
| 461 | 1 | |0 (RuTPU)RU\TPU\conf\17281 |t Информационные технологии в науке, управлении, социальной сфере и медицине |o сборник научных трудов III Международной научной конференции, 23-26 мая 2016 г., Томск |o в 2 ч. |d 2016 | |
| 463 | 1 | |0 (RuTPU)RU\TPU\conf\17283 |t Ч. 1 |f Национальный исследовательский Томский политехнический университет (ТПУ) ; ред. кол. О. Г. Берестнева ; О. М. Гергет ; Т. А. Гладкова |v [С. 721-723] |d 2016 | |
| 510 | 1 | |a Server application for gathering, storing and processing of meteorological data |z eng | |
| 610 | 1 | |a труды учёных ТПУ | |
| 610 | 1 | |a электронный ресурс | |
| 610 | 1 | |a гидрометеорологические данные | |
| 610 | 1 | |a серверы | |
| 610 | 1 | |a метеорологическая информация | |
| 610 | 1 | |a природно-климатические условия | |
| 610 | 1 | |a веб-приложения | |
| 700 | 1 | |a Колочев |b А. С. | |
| 701 | 1 | |a Попов |b В. Н. |c специалист в области информатики и вычислительной техники |c доцент Томского политехнического университета, кандидат технических наук |f 1978- |g Владимир Николаевич |3 (RuTPU)RU\TPU\pers\26856 |9 12474 | |
| 712 | 0 | 2 | |a Национальный исследовательский Томский политехнический университет (ТПУ) |b Институт кибернетики (ИК) |b Кафедра информатики и проектирования систем (ИПС) |3 (RuTPU)RU\TPU\col\18697 |
| 801 | 2 | |a RU |b 63413507 |c 20160912 |g RCR | |
| 856 | 4 | |u http://earchive.tpu.ru/handle/11683/31397 | |
| 942 | |c BK | ||